00932nam a2200241 i 4500001000700000003000900007005001700016007000300033008004100036020001800077080003300095080001600128100004900144245007600193260003900269300004600308651006800354651007100422700003400493852002200527999001900549952012200568103609ES-MaACL20250728032127.0t|060424s1992 sp ao ||||1| spa d a84-604-4436-8 a908(460.27 Fuencarral)(0:77) a77(460)"19"1 aSánchez Vigil, Juan Miguel,d1956-922641910aFuencarral b: imágenes de un pueblo / cJuan Miguel Sánchez Vigil. aMadrid : bJ.M. Sánchez, c1992. a222 p. : bil. col. y n., fot. ; c30 cm. 4aFuencarral-El Pardo (Madrid, Distrito)-xDescripción.9155782 4aFuencarral-El Pardo (Madrid, Distrito)-vObras ilustradas.91557831 aSanz Martín, Angel.9103660 aES-MaACLjL-25571 c103609d103609 00104070aATENEOMbATENEOMcDEPO2d2008-01-17eSCl0oL-25571p1108177r2023-02-23 00:00:00w2023-02-23yMONOGRAFIA